15 Hauptstädte Europas - Bilder Quiz - Statistiken

Allgemein
  • Dieses Quiz wurde 135 mal gespielt
  • Das Durchschnittsergebnis liegt bei 13 aus 15
Antwortstatistiken
Bildquiz Antwort % Korrekt
Berlin
98%
Athen
97%
Bern
97%
Madrid
97%
Paris
97%
Ankara
95%
Stockholm
94%
Lissabon
89%
Sofia
85%
Reykjavik
83%
Tirana
82%
Valletta
73%
Nikosia
72%
Skopje
69%
Andorra la Vella
60%
Keine übereinstimmenden Quizze gefunden
Verteilung der Resultate
Anzahl Personen mit jedem Resultat
Perzentil nach korrekt beantworteten Fragen
Ihre Resultats-Entwicklung
Sie haben dieses Quiz noch nicht gespielt